Trees of India: A popular handbook / (Record no. 10777)
[ view plain ]
| 000 -LEADER | |
|---|---|
| fixed length control field | 00392cam a2200145ua 4500 |
| 041 ## - LANGUAGE CODE | |
| Language code of text/sound track or separate title | eng |
| 082 ## - DEWEY DECIMAL CLASSIFICATION NUMBER | |
| Classification number | 634.9 |
| Item number | MCC/TR |
| 100 ## - MAIN ENTRY--AUTHOR NAME | |
| Personal name | McCan, Charles . |
| 245 ## - TITLE STATEMENT | |
| Title | Trees of India: A popular handbook / |
| 260 ## - PUBLICATION, DISTRIBUTION, ETC. (IMPRINT) | |
| Place of publication | Mumbai : |
| Name of publisher | D B Taraporevala sons & Co. Pvt. Ltd. , |
| Year of publication | 2000. |
| 300 ## - PHYSICAL DESCRIPTION | |
| Number of Pages | 178 ; . |
| 942 ## - ADDED ENTRY ELEMENTS (KOHA) | |
| Koha item type | Books |
| Withdrawn status | Lost status | Damaged status | Home library | Current library | Date acquired | Full call number | Accession Number | Koha item type |
|---|---|---|---|---|---|---|---|---|
| KAUAET | KAUAET | 07/04/2012 | 634.9 | 3420 | Books |
